00766nam a22001577a 4500008004100000020001500041050001700056100001900073245004100092250001300133260003100146300003100177500001900208505035900227650002200586121010t xxu||||| |||| 00| 0 eng d a0582278449 aHF5547.5.H24 aHarrison, John aSecretarial duties. /cJohn Harrison a10th ed. aMalaysia:bLongman,c1996. axxiv,351 p.:bill.;c20cm. aIncludes index aContents: Introduction -- Researching, preparing and suppling information -- Drafting and preparing documents -- Maintaining a healthy, safe and effective working environment -- Office procedures, work schedules and targets -- Interpersonal skills and relationships -- Materials and equipment -- Financial control -- Meetings -- Travel and accommodation. aOffice practice.